Civilization V Nation Quiz - Statistics

General Stats
  • This quiz has been taken 1,918 times
    1,858 since last reset
  • The average score is 33 of 43
Answer Stats
Answer % Correct
American (Washington)
97%
Chinese (Wu Zetian)
94%
Japanese (Oda Nobunaga)
94%
Russian (Catherine)
94%
English (Elizabeth)
93%
German (Bismarck)
93%
French (Napoleon)
92%
Roman (Augustus Caesar)
92%
Indian (Gandhi)
91%
Spanish (Isabella)
91%
Egyptian (Ramesses II)
88%
Greek (Alexander)
88%
Aztec (Montezuma)
86%
Brazilian (Pedro II)
85%
Mongolian (Genghis Khan)
85%
Swedish (Gustavus Adolphus)
85%
Korean (Sejong)
83%
Polish (Casimir III)
83%
Portugese (Maria I)
83%
Zulu (Shaka)
80%
Arabian (Harun al-Rashid)
79%
Incan (Pachacuti)
79%
Danish (Harald Bluetooth)
78%
Ottoman (Suleiman)
76%
Persian (Darius I)
76%
Dutch (William)
75%
Mayan (Pacal)
75%
Austrian (Maria Theresa)
73%
Babylonian (Nebuchadnezzar II)
73%
Indonesian (Gajah Mada)
73%
Ethiopian (Haile Selassie)
70%
Hunnic (Attila)
69%
Siamese (Ramkhaemheng)
66%
Venetian (Enrico Dandolo)
66%
Celtic (Boudicca)
65%
Assyrian (Ashurbanipal)
63%
Carthaginian (Dido)
63%
Polynesian (Kamehameha)
62%
Moroccan (Ahmad al-Mansur)
60%
Iroquois (Hiawatha)
58%
Byzantine (Theodora)
56%
Shoshone (Pocatello)
56%
Songhai (Askia)
56%
No matching quizzes found
Score Distribution
Percent of People with Each Score
Percentile by Number Answered
Your Score History
You have not taken this quiz since the last reset